| 000 | 00739cam a22002173a 4500 | ||
|---|---|---|---|
| 001 | 42364 | ||
| 003 | PGUSA | ||
| 005 | 20140828083947.0 | ||
| 008 | 130318s2013||||xxu|||||s|||||000 | eng d | ||
| 040 |
_aPGUSA _beng |
||
| 042 | _adc | ||
| 100 | 1 | _aFaux, William | |
| 245 | 1 | 0 |
_aEarly Western Travels, 1748-1846, Volume XII : _bPart II (1820) of Faux's Memorable Days in America, 1819-20; and Welby's Visit to North America, 1819-20. _h[electronic resource] / _cWilliam Faux |
| 260 |
_bProject Gutenberg, _c2013 |
||
| 506 | _aPublic domain in the USA. | ||
| 516 | _aElectronic text | ||
| 700 | 1 |
_aThwaites, Reuben Gold, _d1853-1913 |
|
| 830 | 0 |
_aProject Gutenberg _v42364 |
|
| 856 | 4 | 0 | _uhttp://www.gutenberg.org/ebooks/42364 |
| 942 | _cEB | ||
| 999 |
_c271616 _d271616 |
||